La justicia como equidad: una reformulación

Saved in:
書目詳細資料
主要作者: Rawls, John (Author)
其他作者: Francisco, Andrés de (traductor)
格式: 圖書
語言:西班牙语
出版: Barcelona Paidós 2012
版:1a. ed
主題:
標簽: 添加標簽
沒有標簽, 成為第一個標記此記錄!

MARC

LEADER 00000cam a2200000 a 4500
001 UCE9972
003 CL-VaPUC
005 20211221074228.0
008 151112e20120000sp |||||||||||||||||spa|d
999 |c 361606  |d 361604 
020 |a 9788449326974 
040 |c Pontificia Universidad Católica de Valparaíso 
082 0 4 |a 340.11  |b RAW  |2 21 
100 0 |a Rawls, John  |e author  |9 256003 
245 1 3 |a La justicia como equidad: una reformulación 
250 |a 1a. ed 
260 |a Barcelona  |b Paidós  |c 2012 
300 |a 287 p 
583 |a last modification  |c 20151112 20:22:00  |k Rodrigo Vera 
650 7 |a TEORIA POLITICA  |2 CL-VaPUC  |9 582957 
650 0 |a Filosofía del derecho   |9 255050 
650 0 |a Conceptos morales   |9 310606 
650 0 |a Justicia   |9 255408 
700 1 |a Francisco, Andrés de  |e traductor  |9 864386 
942 |c BK  |2 ddc 
945 |d 20151112 20:22:00  |a dcastane 
952 |0 0  |1 0  |3 erb  |4 0  |6 340_110000000000000_RAW_2012  |7 0  |8 R  |9 472206  |a BIBEDU  |b BIBEDU  |c MCIRC  |i 5249058  |o 340.11 RAW 2012  |p 5249058  |r 2023-01-13  |w 2019-11-24  |y BK_R  |z Catalogado en:20151112  |k FIL